000 00601ntm a2200181 i 4500
001 148976
003 ES-MaACL
005 20230906202908.0
007 t|
008 070214q1960 sp |||| | spa d
245 0 0 _aSupuestos de contabilidad para las oposiciones a profesores mercantiles al servicio de la Hacienda Pública.
260 _aMadrid :
_bInstituto de Contabilidad,
_c[ca. 1960]
300 _a297 p. ;
_c31 cm.
500 _aEjemplar mecanografiado.
650 0 4 _aContabilidad-
_vProblemas.
_9166393
710 2 _aInstituto de Contabilidad de Madrid.
_94846
852 _aES-MaACL
_jG-12
999 _c148976
_d148976